| 000 | 00937nam a22003017a 4500 | ||
|---|---|---|---|
| 003 | CHAP | ||
| 005 | 20220329134957.0 | ||
| 008 | 971013s1975 r 00010 d | ||
| 010 | _a28968 | ||
| 011 | _a29940 | ||
| 035 | _a34051 | ||
| 040 | _cCHAP | ||
| 082 |
_a636.9 _bL45 1975 |
||
| 100 | 0 | 0 |
_aLeiva González, Guillermo. _965915 |
| 245 | _aCunicultura tropical | ||
| 250 | _a3 ed. | ||
| 260 |
_aLa Habana : _bEd. Revolucionaria, _c1975 |
||
| 300 | _a338 p. | ||
| 590 |
_aBATCH-UPD _b10 _c20130110 _lUCH01 _h2110 |
||
| 590 |
_aBATCH-UPD _b10 _c20130410 _lUCH01 _h1421 |
||
| 590 |
_aBATCH-UPD _b10 _c20130914 _lUCH01 _h1134 |
||
| 590 |
_aCONVERSION _b10 _c20130109 _lUCH01 _h1317 |
||
| 650 | 1 | 4 |
_aCunicultura. _930449 |
| 901 | _aBK | ||
| 942 | _cLIBRO | ||
| 949 |
_a636.9 L45 1975 _bBC _cLIBRO _d33724000106423 _eLIBRO _fc.2 _h53319 _i34051 _mD.Dr.Méndez _si |
||
| 949 |
_a636.9 L45 1975 _bBC _cLIBRO _d33724000612024 _eLIBRO _h44505 _i34051 _mD _si |
||
| 999 |
_c28968 _d28968 |
||